000 01129nam a22002417a 4500
999 _c2812
_d2812
003 OSt
005 20230822113251.0
008 230822b ||||| |||| 00| 0 eng d
020 _a9780134662145
040 _cKH8
082 _a428.24 BAR
100 _aBarton, Laurie,
_eauthor.
245 _aNorthstar
_bReading and Writing 3 /
_cLaurie Barton.
250 _aFourth edition
260 _aNew York:
_bPearson Education;
_c2017
300 _a232 pages:
_c7.9 x 0.65 x 9.95 inches.
520 _aNorthStar Reading and Writing 3 Student Book with Interactive Student Book access code and MyLab access code. The five-level Northstar series engages students through seamless integration of compelling print and online content and empowers them to achieve their academic and personal goals in order to meet the challenges of the 21st century. The Reading and Writing strand is designed to challenge students to move beyond basic comprehension to higher-level analysis.
650 _aEnglish
_vReading
650 _aEnglish
_vSpeaking
650 _aSpeaking
_vWriting
700 _aDupaquier, Carolyn,
_eauthor.
942 _2ddc
_cTR